000 00528nam a2200217Ia 4500
005 20250425161239.0
008 250425s9999 xx 000 0 und d
020 _a08103363X
041 _aeng
082 _a629.8
100 _aGARNER, K.C.
245 0 _aINTRODUCTION TO CONTROL SYSTEM PERFORMANCE MEASUREMENTS
250 _aS.E.
260 _aOXFORD
260 _aReino Unido
_bPERGAMON
_c1968
300 _a210
650 _aCONTROL AUTOMATICO
650 _aSISTEMAS DE CONTROL
942 _c01
010 _a16068
999 _c205394
_d205394